Management / (Record no. 4560)
[ view plain ]
| 000 -LEADER | |
|---|---|
| fixed length control field | 00648cam a22002292 4500 |
| 001 - CONTROL NUMBER | |
| control field | 0000024849 |
| 005 - DATE AND TIME OF LATEST TRANSACTION | |
| control field | 20151217145949.0 |
| 008 - FIXED-LENGTH DATA ELEMENTS--GENERAL INFORMATION | |
| fixed length control field | 140319s xx 000 0 eng d |
| 020 ## - INTERNATIONAL STANDARD BOOK NUMBER | |
| International Standard Book Number | 0273752776: |
| 040 ## - CATALOGING SOURCE | |
| Original cataloging agency | KABU |
| Transcribing agency | KABU |
| 050 #0 - LIBRARY OF CONGRESS CALL NUMBER | |
| Classification number | HD31 |
| Item number | .R63 2013 |
| 100 1# - MAIN ENTRY--PERSONAL NAME | |
| Personal name | Robbins, Stephen P. |
| -- | 0000150759 |
| 245 10 - TITLE STATEMENT | |
| Title | Management / |
| Statement of responsibility, etc. | by Stephen P. Robbins and Mary Coulter. |
| 250 ## - EDITION STATEMENT | |
| Edition statement | 11th ed. |
| 260 ## - PUBLICATION, DISTRIBUTION, ETC. (IMPRINT) | |
| Place of publication, distribution, etc. | England : |
| Name of publisher, distributor, etc. | Pearson, |
| Date of publication, distribution, etc. | 2013. |
| 300 ## - PHYSICAL DESCRIPTION | |
| Extent | 671 p. |
| 650 #0 - SUBJECT ADDED ENTRY--TOPICAL TERM | |
| Topical term or geographic name as entry element | Management. |
| -- | 0000083920 |
| 700 1# - ADDED ENTRY--PERSONAL NAME | |
| Personal name | Coulter, Mary. |
| -- | 0000157046 |
| 852 1# - LOCATION | |
| -- | p3950 KES |
| 908 ## - PUT COMMAND PARAMETER (RLIN) | |
| Put command parameter | 140319 |
| 950 ## - LOCAL HOLDINGS (RLIN) | |
| -- | 1 |
| Withdrawn status | Lost status | Source of classification or shelving scheme | Not for loan | Home library | Current library | Date acquired | Total Checkouts | Total Renewals | Full call number | Barcode | Date last seen | Date last checked out | Price effective from | Koha item type |
|---|---|---|---|---|---|---|---|---|---|---|---|---|---|---|
| Library of Congress Classification | Kabarak, Main Campus | Kabarak, Main Campus | 17/12/2015 | 15 | 8 | HD31 c. 1 .R63 2013 | 017977 | 22/06/2021 | 25/03/2021 | 17/12/2015 | General Collection |